[Event "Turniej Blitza na II Lidze Juniorów 2018"]
[Site "Szczyrk, Poland"]
[Date "????.??.??"]
[Round "7.65"]
[White "Kubik, Rafal"]
[Black "Skrzypinski, Jan"]
[Result "0-1"]
[TimeControl "3'+2\""]
[WhiteElo "1077"]
[BlackElo "1231"]

1. d4 {[%clk 00:03:00]} {[%emt 00:00:03]} f5 {[%clk 00:03:03]} {[%emt
00:00:01]} 2. c4 {[%clk 00:02:58]} {[%emt 00:00:05]} Nf6 {[%clk 00:03:04]}
{[%emt 00:00:01]} 3. Nc3 {[%clk 00:02:58]} {[%emt 00:00:02]} e6 {[%clk
00:03:05]} {[%emt 00:00:02]} 4. Bg5 {[%clk 00:02:57]} {[%emt 00:00:02]} Bb4
{[%clk 00:03:05]} {[%emt 00:00:02]} 5. Qc2 {[%clk 00:02:54]} {[%emt 00:00:05]}
h6 {[%clk 00:03:04]} {[%emt 00:00:03]} 6. Bh4 {[%clk 00:02:54]} {[%emt
00:00:01]} g5 {[%clk 00:03:05]} {[%emt 00:00:02]} 7. Bg3 {[%clk 00:02:55]}
Bxc3+ {[%clk 00:03:05]} {[%emt 00:00:02]} 8. Qxc3 {[%clk 00:02:56]} {[%emt
00:00:01]} f4 {[%clk 00:03:06]} {[%emt 00:00:02]} 9. Bxf4 {[%clk 00:02:51]}
{[%emt 00:00:06]} gxf4 {[%clk 00:03:05]} {[%emt 00:00:03]} 10. Nf3 {[%clk
00:02:50]} {[%emt 00:00:02]} d5 {[%clk 00:03:01]} {[%emt 00:00:07]} 11. c5
{[%clk 00:02:47]} {[%emt 00:00:05]} Ne4 {[%clk 00:03:00]} {[%emt 00:00:03]} 12.
Qc2 {[%clk 00:02:44]} {[%emt 00:00:05]} c6 {[%clk 00:03:01]} {[%emt 00:00:02]}
13. g3 {[%clk 00:02:37]} {[%emt 00:00:08]} Qa5+ {[%clk 00:03:02]} 14. Nd2
{[%clk 00:02:30]} {[%emt 00:00:08]} Nxd2 {[%clk 00:03:03]} {[%emt 00:00:02]} 15.
Qxd2 {[%clk 00:02:30]} {[%emt 00:00:02]} Qxd2+ {[%clk 00:03:04]} 16. Kxd2
{[%clk 00:02:31]} {[%emt 00:00:01]} b6 {[%clk 00:03:04]} {[%emt 00:00:03]} 17.
b4 {[%clk 00:02:30]} {[%emt 00:00:03]} fxg3 {[%clk 00:03:04]} 18. hxg3 {[%clk
00:02:31]} {[%emt 00:00:01]} bxc5 {[%clk 00:03:04]} {[%emt 00:00:02]} 19. bxc5
{[%clk 00:02:31]} {[%emt 00:00:01]} Nd7 {[%clk 00:03:05]} {[%emt 00:00:03]} 20.
Bh3 {[%clk 00:02:27]} {[%emt 00:00:04]} Nf6 {[%clk 00:03:05]} {[%emt 00:00:03]}
21. f3 {[%clk 00:02:26]} {[%emt 00:00:03]} Rb8 {[%clk 00:03:04]} {[%emt
00:00:03]} 22. Rab1 {[%clk 00:02:25]} {[%emt 00:00:02]} Rxb1 {[%clk 00:03:02]}
{[%emt 00:00:05]} 23. Rxb1 {[%clk 00:02:26]} Kd7 {[%clk 00:03:03]} 24. Rb3
{[%clk 00:02:08]} {[%emt 00:00:19]} Kc7 {[%clk 00:03:04]} {[%emt 00:00:02]} 25.
Ra3 {[%clk 00:02:09]} {[%emt 00:00:01]} a6 {[%clk 00:02:57]} {[%emt 00:00:10]}
26. Rb3 {[%clk 00:02:02]} {[%emt 00:00:08]} Rg8 {[%clk 00:02:42]} {[%emt
00:00:17]} 27. g4 {[%clk 00:02:02]} {[%emt 00:00:02]} h5 {[%clk 00:02:42]}
{[%emt 00:00:02]} 28. gxh5 {[%clk 00:01:58]} {[%emt 00:00:06]} Nxh5 {[%clk
00:02:41]} {[%emt 00:00:03]} 29. Bg4 {[%clk 00:01:58]} {[%emt 00:00:02]} Nf6
{[%clk 00:02:39]} {[%emt 00:00:04]} 30. Bh3 {[%clk 00:01:59]} Rg3 {[%clk
00:02:39]} {[%emt 00:00:02]} 31. Bf1 {[%clk 00:01:54]} {[%emt 00:00:06]} Nh5
{[%clk 00:02:22]} {[%emt 00:00:19]} 32. Ke3 {[%clk 00:01:47]} {[%emt 00:00:08]}
Rg1 {[%clk 00:01:57]} {[%emt 00:00:28]} 33. Kf2 {[%clk 00:01:46]} {[%emt
00:00:02]} Rg8 {[%clk 00:01:56]} {[%emt 00:00:04]} 34. a4 {[%clk 00:01:41]}
{[%emt 00:00:07]} Bd7 {[%clk 00:01:41]} {[%emt 00:00:18]} 35. Re3 {[%clk
00:01:39]} {[%emt 00:00:04]} Rb8 {[%clk 00:01:38]} {[%emt 00:00:04]} 36. Bh3
{[%clk 00:01:39]} {[%emt 00:00:02]} Ng7 {[%clk 00:01:33]} {[%emt 00:00:08]} 37.
Re5 {[%clk 00:01:28]} {[%emt 00:00:11]} Rb4 {[%clk 00:01:31]} {[%emt 00:00:05]}
38. Rg5 {[%clk 00:01:25]} {[%emt 00:00:04]} Nf5 {[%clk 00:01:32]} {[%emt
00:00:03]} 39. Bxf5 {[%clk 00:01:22]} {[%emt 00:00:05]} exf5 {[%clk 00:01:32]}
{[%emt 00:00:02]} 40. Ke3 {[%clk 00:01:20]} {[%emt 00:00:03]} Rxa4 {[%clk
00:01:33]} {[%emt 00:00:02]} 41. Rg6 {[%clk 00:01:11]} {[%emt 00:00:10]} Ra3+
{[%clk 00:01:32]} {[%emt 00:00:04]} 42. Kf4 {[%clk 00:01:08]} {[%emt 00:00:04]}
Rb3 {[%clk 00:01:32]} {[%emt 00:00:03]} 43. e3 {[%clk 00:01:08]} {[%emt
00:00:02]} a5 {[%clk 00:01:31]} {[%emt 00:00:03]} 44. Rg1 {[%clk 00:01:07]}
{[%emt 00:00:02]} a4 {[%clk 00:01:27]} {[%emt 00:00:08]} 45. Ra1 {[%clk
00:01:07]} a3 {[%clk 00:01:28]} {[%emt 00:00:01]} 46. Ra2 {[%clk 00:00:54]}
{[%emt 00:00:14]} Kb7 {[%clk 00:01:27]} {[%emt 00:00:04]} 47. e4 {[%clk
00:00:50]} {[%emt 00:00:06]} fxe4 {[%clk 00:01:27]} {[%emt 00:00:02]} 48. fxe4
{[%clk 00:00:51]} {[%emt 00:00:01]} dxe4 {[%clk 00:01:28]} {[%emt 00:00:01]} 49.
Kxe4 {[%clk 00:00:52]} {[%emt 00:00:02]} Ka6 {[%clk 00:01:29]} {[%emt
00:00:01]} 50. Ke5 {[%clk 00:00:52]} Kb5 {[%clk 00:01:19]} {[%emt 00:00:11]} 51.
Kd6 {[%clk 00:00:52]} {[%emt 00:00:02]} Be8 {[%clk 00:01:20]} {[%emt 00:00:01]}
52. Ke7 {[%clk 00:00:51]} {[%emt 00:00:04]} Bg6 {[%clk 00:01:21]} {[%emt
00:00:01]} 53. Kd6 {[%clk 00:00:50]} {[%emt 00:00:02]} Be4 {[%clk 00:01:22]}
{[%emt 00:00:02]} 54. d5 {[%clk 00:00:44]} {[%emt 00:00:08]} Bxd5 {[%clk
00:01:21]} {[%emt 00:00:03]} 55. Ra1 {[%clk 00:00:42]} {[%emt 00:00:04]} Re3
{[%clk 00:01:17]} {[%emt 00:00:05]} 56. Rb1+ {[%clk 00:00:37]} {[%emt
00:00:07]} Ka4 {[%clk 00:01:04]} {[%emt 00:00:15]} 57. Ra1 {[%clk 00:00:20]}
{[%emt 00:00:19]} a2 {[%clk 00:01:04]} {[%emt 00:00:03]} 58. Rd1 {[%clk
00:00:18]} {[%emt 00:00:04]} Rb3 {[%clk 00:00:57]} {[%emt 00:00:06]} 59. Rd4+
{[%clk 00:00:17]} {[%emt 00:00:05]} Rb4 {[%clk 00:00:59]} {[%emt 00:00:01]} 60.
Rd1 {[%clk 00:00:16]} {[%emt 00:00:03]} Rb1 {[%clk 00:00:59]} {[%emt 00:00:02]}
61. Rd4+ {[%clk 00:00:17]} {[%emt 00:00:01]} Kb5 {[%clk 00:01:00]} {[%emt
00:00:01]} 62. Rxd5 {[%emt 00:00:12]} cxd5 {[%clk 00:00:57]} {[%emt 00:00:02]}
63. c6 {[%clk 00:00:11]} Rc1 {[%clk 00:00:56]} {[%emt 00:00:03]} 64. c7 {[%clk
00:00:12]} {[%emt 00:00:02]} a1=Q {[%clk 00:00:55]} {[%emt 00:00:03]} 65. Kd7
{[%clk 00:00:12]} {[%emt 00:00:01]} Qa7 {[%clk 00:00:53]} {[%emt 00:00:04]} 0-1

[Event "Turniej Blitza na II Lidze Juniorów 2018"]
[Site "Szczyrk, Poland"]
[Date "????.??.??"]
[Round "7.68"]
[White "Hals, Emilia"]
[Black "Krzanowska, Liliana"]
[Result "1-0"]
[TimeControl "3'+2\""]
[WhiteElo "1198"]
[BlackElo "1102"]

1. e4 {[%clk 00:03:03]} c5 {[%clk 00:03:03]} {[%emt 00:00:02]} 2. Nf3 {[%clk
00:03:04]} d6 {[%clk 00:03:04]} {[%emt 00:00:01]} 3. c3 {[%clk 00:03:05]}
{[%emt 00:00:02]} Nf6 {[%clk 00:03:05]} {[%emt 00:00:01]} 4. Bd3 {[%clk
00:03:06]} g6 {[%clk 00:03:05]} {[%emt 00:00:01]} 5. Bc2 {[%clk 00:03:06]}
{[%emt 00:00:02]} Bg7 {[%clk 00:03:06]} {[%emt 00:00:01]} 6. d4 {[%clk
00:03:07]} {[%emt 00:00:01]} cxd4 {[%clk 00:03:07]} {[%emt 00:00:02]} 7. cxd4
{[%clk 00:03:08]} {[%emt 00:00:01]} O-O {[%clk 00:03:07]} {[%emt 00:00:02]} 8.
Nc3 {[%clk 00:03:07]} {[%emt 00:00:03]} Nc6 {[%clk 00:03:08]} 9. d5 {[%clk
00:03:07]} {[%emt 00:00:01]} Ne5 {[%clk 00:03:09]} {[%emt 00:00:02]} 10. Nxe5
{[%clk 00:03:08]} dxe5 {[%clk 00:03:10]} {[%emt 00:00:01]} 11. O-O {[%clk
00:03:07]} {[%emt 00:00:02]} Bg4 {[%clk 00:03:05]} {[%emt 00:00:07]} 12. f3
{[%clk 00:03:07]} {[%emt 00:00:03]} Bc8 {[%clk 00:03:00]} {[%emt 00:00:07]} 13.
Be3 {[%clk 00:03:03]} {[%emt 00:00:06]} a6 {[%clk 00:02:54]} {[%emt 00:00:07]}
14. Qe2 {[%clk 00:02:53]} {[%emt 00:00:12]} Qc7 {[%clk 00:02:45]} {[%emt
00:00:11]} 15. Qf2 {[%clk 00:02:51]} {[%emt 00:00:04]} b5 {[%clk 00:02:10]}
{[%emt 00:00:38]} 16. Bb6 {[%clk 00:02:50]} {[%emt 00:00:03]} Qb7 {[%clk
00:02:07]} {[%emt 00:00:05]} 17. a4 {[%clk 00:02:34]} {[%emt 00:00:17]} Rb8
{[%clk 00:02:07]} {[%emt 00:00:02]} 18. Be3 {[%clk 00:02:30]} {[%emt 00:00:06]}
bxa4 {[%clk 00:02:01]} {[%emt 00:00:09]} 19. Nxa4 {[%clk 00:02:30]} {[%emt
00:00:02]} Bd7 {[%clk 00:01:20]} {[%emt 00:00:43]} 20. b3 {[%clk 00:02:28]}
{[%emt 00:00:03]} Bxa4 {[%clk 00:01:16]} {[%emt 00:00:06]} 21. Rxa4 {[%clk
00:02:24]} {[%emt 00:00:06]} Rfc8 {[%clk 00:01:01]} {[%emt 00:00:17]} 22. Rfa1
{[%clk 00:02:14]} {[%emt 00:00:11]} Qc7 {[%clk 00:00:41]} {[%emt 00:00:23]} 23.
Bd1 {[%clk 00:02:05]} {[%emt 00:00:11]} a5 {[%clk 00:00:20]} {[%emt 00:00:23]}
24. Rxa5 {[%clk 00:02:02]} {[%emt 00:00:05]} Ra8 {[%clk 00:00:16]} {[%emt
00:00:06]} 25. Rxa8 {[%clk 00:02:01]} {[%emt 00:00:02]} Rxa8 {[%clk 00:00:16]}
{[%emt 00:00:02]} 26. Rxa8+ {[%clk 00:02:01]} {[%emt 00:00:03]} Bf8 {[%clk
00:00:17]} {[%emt 00:00:01]} 27. Qc2 {[%clk 00:01:53]} {[%emt 00:00:10]} Qb7
{[%clk 00:00:16]} {[%emt 00:00:03]} 28. Qc8 {[%clk 00:01:52]} {[%emt 00:00:04]}
Qxc8 {[%clk 00:00:16]} {[%emt 00:00:01]} 29. Rxc8 {[%clk 00:01:52]} {[%emt
00:00:02]} Kg7 {[%clk 00:00:17]} 30. b4 {[%clk 00:01:50]} {[%emt 00:00:04]} e6
{[%clk 00:00:16]} {[%emt 00:00:03]} 31. dxe6 {[%clk 00:01:50]} {[%emt
00:00:02]} fxe6 {[%clk 00:00:16]} {[%emt 00:00:02]} 32. b5 {[%clk 00:01:51]}
{[%emt 00:00:01]} Bd6 {[%clk 00:00:09]} {[%emt 00:00:08]} 33. b6 {[%clk
00:01:50]} {[%emt 00:00:04]} Nd7 {[%clk 00:00:06]} {[%emt 00:00:06]} 34. Rc7
{[%clk 00:01:41]} {[%emt 00:00:10]} Bxc7 {[%emt 00:00:10]} 35. bxc7 {[%emt
00:00:02]} 1-0

[Event "Turniej Blitza na II Lidze Juniorów 2018"]
[Site "Szczyrk, Poland"]
[Date "????.??.??"]
[Round "7.17"]
[White "Matyszkiewicz, Wiktor"]
[Black "Grzesik, Gracjan"]
[Result "0-1"]
[TimeControl "3'+2\""]
[WhiteElo "1431"]
[BlackElo "1832"]

1. e4 {[%clk 00:03:02]} {[%emt 00:01:26]} c5 {[%clk 00:03:02]} {[%emt
00:00:01]} 2. Nf3 {[%clk 00:03:02]} d6 {[%clk 00:03:02]} 3. d4 {[%clk
00:03:02]} cxd4 {[%clk 00:03:02]} {[%emt 00:00:01]} 4. Nxd4 {[%clk 00:03:02]}
{[%emt 00:00:01]} Nf6 {[%clk 00:03:02]} {[%emt 00:00:01]} 5. Nc3 {[%clk
00:03:02]} {[%emt 00:00:01]} a6 {[%emt 00:00:02]} 6. Bg5 {[%clk 00:03:02]}
{[%emt 00:00:01]} e6 {[%clk 00:03:02]} {[%emt 00:00:01]} 7. f4 {[%clk
00:03:02]} {[%emt 00:00:01]} b5 {[%clk 00:03:02]} {[%emt 00:00:02]} 8. Qf3
{[%clk 00:03:02]} {[%emt 00:00:02]} Bb7 {[%clk 00:03:02]} {[%emt 00:00:02]} 9.
Bd3 {[%clk 00:03:02]} {[%emt 00:00:11]} Be7 {[%clk 00:03:02]} {[%emt 00:00:01]}
10. O-O-O {[%clk 00:03:02]} {[%emt 00:00:02]} Nbd7 {[%clk 00:03:02]} {[%emt
00:00:02]} 11. Kb1 {[%clk 00:03:02]} {[%emt 00:00:02]} O-O {[%clk 00:03:02]}
{[%emt 00:00:02]} 12. g4 {[%clk 00:03:02]} {[%emt 00:00:11]} Qc7 {[%clk
00:03:02]} {[%emt 00:00:07]} 13. h4 {[%clk 00:03:02]} {[%emt 00:00:04]} Nc5
{[%clk 00:02:55]} {[%emt 00:00:26]} 14. Bxf6 {[%clk 00:02:53]} {[%emt
00:00:12]} Bxf6 {[%clk 00:02:56]} {[%emt 00:00:01]} 15. Nce2 {[%clk 00:02:52]}
{[%emt 00:00:02]} Rac8 {[%clk 00:02:26]} {[%emt 00:00:32]} 16. h5 {[%clk
00:02:48]} {[%emt 00:00:06]} Na4 {[%clk 00:01:57]} {[%emt 00:00:32]} 17. Qe3
{[%clk 00:01:25]} {[%emt 00:01:25]} Nb6 {[%clk 00:01:22]} {[%emt 00:00:36]} 18.
g5 {[%clk 00:01:24]} {[%emt 00:00:04]} Bxd4 {[%clk 00:01:13]} {[%emt 00:00:11]}
19. Nxd4 {[%clk 00:01:21]} {[%emt 00:00:04]} Nc4 {[%clk 00:01:11]} {[%emt
00:00:04]} 20. Bxc4 {[%clk 00:01:21]} {[%emt 00:00:02]} Qxc4 {[%clk 00:01:08]}
{[%emt 00:00:06]} 21. g6 {[%clk 00:00:48]} {[%emt 00:00:35]} e5 {[%clk
00:00:31]} {[%emt 00:00:39]} 22. gxh7+ {[%clk 00:00:49]} {[%emt 00:00:01]} Kh8
{[%clk 00:00:26]} {[%emt 00:00:07]} 23. Rhg1 {[%clk 00:00:24]} {[%emt
00:00:27]} Kxh7 {[%clk 00:00:11]} {[%emt 00:00:16]} 24. Nf5 {[%clk 00:00:17]}
{[%emt 00:00:09]} Qxc2+ {[%clk 00:00:10]} {[%emt 00:00:04]} 25. Ka1 {[%clk
00:00:18]} Rg8 {[%clk 00:00:08]} {[%emt 00:00:04]} 26. Rc1 {[%clk 00:00:14]}
{[%emt 00:00:06]} Qxe4 {[%clk 00:00:08]} {[%emt 00:00:02]} 27. Rxc8 {[%clk
00:00:12]} {[%emt 00:00:04]} Qxe3 {[%clk 00:00:06]} {[%emt 00:00:05]} 28. Nxe3
{[%clk 00:00:12]} {[%emt 00:00:02]} Rxc8 {[%clk 00:00:07]} 29. fxe5 {[%clk
00:00:13]} {[%emt 00:00:01]} dxe5 {[%clk 00:00:08]} {[%emt 00:00:01]} 30. Ng4
{[%clk 00:00:13]} {[%emt 00:00:01]} f6 {[%clk 00:00:09]} {[%emt 00:00:02]} 31.
Ne3 {[%clk 00:00:12]} {[%emt 00:00:03]} Be4 {[%clk 00:00:10]} {[%emt 00:00:01]}
32. a3 {[%clk 00:00:12]} {[%emt 00:00:02]} Rd8 {[%clk 00:00:10]} {[%emt
00:00:01]} 33. Ka2 {[%clk 00:00:12]} {[%emt 00:00:02]} Rd2 {[%clk 00:00:10]}
{[%emt 00:00:03]} 34. Re1 {[%clk 00:00:10]} {[%emt 00:00:04]} Bd3 {[%clk
00:00:07]} {[%emt 00:00:05]} 0-1

[Event "Turniej Blitza na II Lidze Juniorów 2018"]
[Site "Szczyrk, Poland"]
[Date "????.??.??"]
[Round "7.62"]
[White "Franc, Piotr"]
[Black "Nowacka, Dorota"]
[Result "0-1"]
[TimeControl "3'+2\""]
[WhiteElo "1135"]
[BlackElo "1322"]

1. e4 {[%clk 00:03:01]} {[%emt 00:00:02]} e6 {[%clk 00:03:03]} {[%emt
00:00:02]} 2. d4 {[%clk 00:03:02]} d5 {[%clk 00:03:04]} 3. Nc3 {[%clk
00:03:03]} {[%emt 00:00:02]} Nf6 {[%clk 00:03:05]} {[%emt 00:00:01]} 4. e5
{[%clk 00:03:03]} {[%emt 00:00:02]} Nfd7 {[%clk 00:03:06]} {[%emt 00:00:01]} 5.
Bd3 {[%clk 00:02:54]} {[%emt 00:00:11]} c5 {[%clk 00:03:07]} {[%emt 00:00:02]}
6. Nf3 {[%clk 00:02:54]} {[%emt 00:00:02]} Nc6 {[%clk 00:03:07]} {[%emt
00:00:02]} 7. Be3 {[%clk 00:02:52]} {[%emt 00:00:03]} Qb6 {[%clk 00:03:01]}
{[%emt 00:00:08]} 8. O-O {[%clk 00:02:39]} {[%emt 00:00:15]} cxd4 {[%clk
00:03:01]} {[%emt 00:00:02]} 9. Nxd4 {[%clk 00:02:37]} {[%emt 00:00:03]} Nxd4
{[%clk 00:03:01]} {[%emt 00:00:02]} 10. Na4 {[%clk 00:02:35]} {[%emt 00:00:05]}
Qa5 {[%clk 00:02:56]} {[%emt 00:00:07]} 11. c3 {[%clk 00:02:29]} {[%emt
00:00:08]} Nc6 {[%clk 00:02:56]} {[%emt 00:00:02]} 12. b4 {[%clk 00:02:26]}
{[%emt 00:00:05]} Qd8 {[%clk 00:02:55]} {[%emt 00:00:03]} 13. Nc5 {[%clk
00:02:26]} {[%emt 00:00:02]} Nxc5 {[%clk 00:02:54]} {[%emt 00:00:03]} 14. Bxc5
{[%clk 00:02:27]} {[%emt 00:00:01]} Bxc5 {[%clk 00:02:54]} {[%emt 00:00:01]} 15.
bxc5 {[%clk 00:02:28]} Nxe5 {[%clk 00:02:55]} {[%emt 00:00:02]} 16. Bb5+ {[%clk
00:02:29]} {[%emt 00:00:01]} Bd7 {[%clk 00:02:55]} {[%emt 00:00:02]} 17. Bxd7+
{[%clk 00:02:30]} {[%emt 00:00:02]} Nxd7 {[%clk 00:02:54]} {[%emt 00:00:02]} 18.
Qg4 {[%clk 00:02:31]} {[%emt 00:00:01]} O-O {[%clk 00:02:54]} {[%emt 00:00:02]}
19. Rfe1 {[%clk 00:02:32]} {[%emt 00:00:01]} Nxc5 {[%clk 00:02:54]} {[%emt
00:00:02]} 20. Re3 {[%clk 00:02:33]} Ne4 {[%clk 00:02:51]} {[%emt 00:00:05]} 21.
f3 {[%clk 00:02:25]} {[%emt 00:00:10]} Nf6 {[%clk 00:02:50]} {[%emt 00:00:03]}
22. Qg5 {[%clk 00:02:26]} h6 {[%clk 00:02:50]} {[%emt 00:00:03]} 23. Qg3 {[%clk
00:02:27]} {[%emt 00:00:01]} d4 {[%clk 00:02:50]} {[%emt 00:00:02]} 24. cxd4
{[%clk 00:02:27]} {[%emt 00:00:02]} Qxd4 {[%clk 00:02:51]} 25. Qf2 {[%clk
00:02:27]} {[%emt 00:00:01]} Qxa1+ {[%clk 00:02:52]} {[%emt 00:00:02]} 26. Re1
{[%clk 00:02:28]} {[%emt 00:00:01]} Qc3 {[%clk 00:02:51]} {[%emt 00:00:02]} 27.
Qe3 {[%clk 00:02:28]} {[%emt 00:00:03]} Qxe3+ {[%emt 00:00:02]} 28. Rxe3 Rfd8
{[%clk 00:02:52]} {[%emt 00:00:02]} 29. Re2 {[%clk 00:02:28]} {[%emt 00:00:03]}
Rd1+ {[%clk 00:02:52]} {[%emt 00:00:01]} 30. Kf2 {[%clk 00:02:30]} Rc8 {[%clk
00:02:53]} {[%emt 00:00:02]} 31. g4 {[%clk 00:02:28]} {[%emt 00:00:04]} Rcc1
{[%clk 00:02:54]} {[%emt 00:00:02]} 32. h4 {[%clk 00:02:28]} {[%emt 00:00:02]}
Nd5 {[%clk 00:02:54]} 33. g5 {[%clk 00:02:27]} {[%emt 00:00:03]} Rf1+ {[%clk
00:02:55]} {[%emt 00:00:01]} 34. Kg3 {[%clk 00:02:27]} {[%emt 00:00:02]} h5
{[%clk 00:02:54]} {[%emt 00:00:03]} 35. Rg2 {[%clk 00:02:25]} {[%emt 00:00:04]}
Ne3 {[%clk 00:02:52]} {[%emt 00:00:05]} 36. Rh2 {[%clk 00:02:20]} {[%emt
00:00:06]} Rg1+ {[%clk 00:02:51]} {[%emt 00:00:03]} 37. Kh3 {[%clk 00:02:22]}
Rcf1 {[%clk 00:02:48]} {[%emt 00:00:04]} 38. Rf2 {[%clk 00:02:14]} {[%emt
00:00:10]} Rxf2 {[%clk 00:02:41]} {[%emt 00:00:09]} 39. g6 {[%clk 00:02:15]}
{[%emt 00:00:01]} fxg6 {[%clk 00:02:36]} {[%emt 00:00:07]} 40. a4 {[%clk
00:02:14]} {[%emt 00:00:03]} Rfg2 {[%clk 00:02:36]} {[%emt 00:00:02]} 41. a5
{[%clk 00:02:13]} {[%emt 00:00:03]} Rh1# {[%clk 00:02:36]} {[%emt 00:00:02]}
0-1

[Event "Turniej Blitza na II Lidze Juniorów 2018"]
[Site "Szczyrk, Poland"]
[Date "????.??.??"]
[Round "7.22"]
[White "Binek, Dawid"]
[Black "Krzyzosiak, Anna"]
[Result "0-1"]
[TimeControl "3'+2\""]
[WhiteElo "1353"]
[BlackElo "1596"]

1. Nf3 {[%clk 00:03:02]} {[%emt 00:00:02]} d5 {[%clk 00:03:03]} 2. d4 {[%clk
00:03:04]} Nc6 {[%clk 00:03:04]} {[%emt 00:00:01]} 3. c4 {[%clk 00:03:01]}
{[%emt 00:00:05]} dxc4 {[%clk 00:03:04]} {[%emt 00:00:02]} 4. e3 {[%clk
00:03:02]} {[%emt 00:00:01]} e6 {[%clk 00:03:05]} 5. Bxc4 {[%clk 00:03:02]}
{[%emt 00:00:02]} Nf6 {[%clk 00:03:05]} {[%emt 00:00:02]} 6. Nc3 {[%clk
00:03:02]} {[%emt 00:00:02]} b6 {[%clk 00:03:05]} {[%emt 00:00:02]} 7. O-O
{[%clk 00:03:01]} {[%emt 00:00:04]} Bb7 {[%clk 00:03:05]} {[%emt 00:00:01]} 8.
Qc2 {[%clk 00:02:58]} {[%emt 00:00:04]} Bd6 {[%clk 00:03:04]} {[%emt 00:00:04]}
9. b3 {[%clk 00:02:52]} {[%emt 00:00:08]} O-O {[%clk 00:03:03]} {[%emt
00:00:03]} 10. Bb2 {[%clk 00:02:53]} {[%emt 00:00:01]} Nb4 {[%clk 00:02:55]}
{[%emt 00:00:10]} 11. Qd1 {[%clk 00:02:47]} {[%emt 00:00:08]} Ne4 {[%clk
00:02:42]} {[%emt 00:00:15]} 12. a3 {[%clk 00:02:38]} {[%emt 00:00:11]} Nxc3
{[%clk 00:02:39]} {[%emt 00:00:04]} 13. Bxc3 {[%clk 00:02:37]} {[%emt
00:00:03]} Nd5 {[%clk 00:02:40]} {[%emt 00:00:02]} 14. Bxd5 {[%clk 00:02:32]}
{[%emt 00:00:07]} Bxd5 {[%clk 00:02:41]} {[%emt 00:00:01]} 15. Nd2 {[%clk
00:02:26]} {[%emt 00:00:08]} Qg5 {[%emt 00:00:08]} 16. e4 {[%emt 00:00:14]} Bb7
{[%emt 00:00:16]} 17. Qe2 {[%emt 00:00:04]} f5 {[%emt 00:00:07]} 18. Nf3 {[%emt
00:00:05]} Qg6 {[%emt 00:00:04]} 19. e5 {[%emt 00:00:02]} Be7 {[%emt 00:00:05]}
20. Rfd1 {[%emt 00:00:36]} Rad8 {[%emt 00:00:03]} 21. Qe3 {[%emt 00:00:07]} c5
{[%emt 00:00:03]} 22. dxc5 {[%emt 00:00:04]} Bxc5 {[%emt 00:00:02]} 23. Qe2
{[%emt 00:00:04]} f4 {[%emt 00:00:21]} 24. b4 {[%emt 00:00:09]} Be7 {[%emt
00:00:07]} 25. g3 {[%emt 00:00:09]} fxg3 {[%emt 00:00:02]} 26. Rxd8 {[%emt
00:00:17]} Bxd8 {[%emt 00:00:16]} 27. hxg3 {[%emt 00:00:13]} Bxf3 {[%emt
00:00:02]} 28. Qd2 {[%emt 00:00:39]} Qh5 {[%emt 00:00:06]} 0-1